| 000 | 01292cam a2200289 4500 | ||
|---|---|---|---|
| 001 | 8386 | ||
| 003 | BD-RjUL | ||
| 005 | 20211208234559.0 | ||
| 008 | 140118s1962 njua bis 00110 engm | ||
| 035 | _a(BD-RjUL)8431 | ||
| 040 |
_aDLC _cDLC _dm.c. _dBOS _dBD-RjUL _beng |
||
| 041 | _aeng | ||
| 082 |
_a519.5 _bGRG 1962 |
||
| 100 | 1 |
_aGreenwood, J. Arthur _q(Joseph Arthur), _d1926- _926113 |
|
| 245 | 1 | 0 |
_aGuide to tables in mathematical statistics / _c[by] J. Arthur Greenwood [and] H. O. Hartley. |
| 260 |
_aPrinceton, N.J. : _bPrinceton University Press, _cc1962. |
||
| 300 |
_alxii, 1014 p. : _bdiagrs. ; _c27 cm. |
||
| 500 | _a"A sequel to the guides to mathematical tables produced by and for the Committee on Mathematical Tables and Aids to Computation of the National Academy of Sciences-National Research Council of the United States, viz: number theory (D. H. Lehmer 1941); Bessel functions (Bateman & Archibald 1944); elliptic functions (Fletcher 1948)" | ||
| 504 | _aIncludes Index. | ||
| 650 | 0 |
_aMathematical statistics _xTables _xBibliography. _926114 |
|
| 650 | 0 |
_aMathematical statistics _xTables _xIndexes. _926115 |
|
| 700 | 1 |
_aHartley, H. O. _926116 |
|
| 740 | 0 | _aTables in mathematical statistics. | |
| 942 |
_2ddc _cBK |
||
| 999 |
_c8386 _d8386 |
||